|
|
|
|
| LEADER |
00647cam a2200205 7i4500 |
| 001 |
0000003554 |
| 005 |
20170218090000.0 |
| 020 |
|
|
|a 0201615401(pbk.)
|
| 020 |
|
|
|a 9780201615401
|
| 090 |
0 |
0 |
|a HF5635
|b .A76 2000
|
| 100 |
1 |
|
|a Anthony, Robert N
|
| 245 |
1 |
0 |
|a Essentials of accounting
|c Robert N. Anthony and Leslie K. Pearlman.
|
| 250 |
|
|
|a 7th ed.
|
| 260 |
|
|
|a Upper Saddle River:
|b Prentice Hall,
|c 2000.
|
| 300 |
|
|
|a vi, 108 p.:
|b ill.;
|c 28 cm.
|
| 650 |
0 |
0 |
|a Accounting
|
| 650 |
0 |
0 |
|a Management, Accounting
|
| 700 |
1 |
|
|a Pearlman, Leslie K
|
| 997 |
|
|
|a Business & Accountancy, Faculty
|
| 999 |
|
|
|a 0000004985
|b BOK
|c OPEN SHELF
|e 1st Floor, Shah Alam
|